[Event "Victoria Grand Pacific op 17th"]
[Site "Victoria"]
[Date "2024.03.31"]
[Round "4"]
[White "Chen, Yidong"]
[Black "Cheng, Bindi"]
[Result "0-1"]
[WhiteElo "1913"]
[BlackElo "2471"]
[PlyCount "120"]
[EventDate "2024.03.29"]
[EventType "swiss"]
[EventRounds "6"]
[EventCountry "CAN"]
[SourceTitle "CB16_2024"]
[SourceDate "2024.04.17"]
[SourceVersion "1"]
[SourceVersionDate "2024.04.17"]
[SourceQuality "1"]

1. e4 c5 2. Nf3 e6 3. d4 cxd4 4. Nxd4 a6 5. Bd3 Qc7 6. 0-0 Nf6 7. Qe2 d6 8. c4 Nc6 9. Nxc6 bxc6 10. Nc3 Be7 11. f4 Nd7 12. Be3 0-0 13. g4 Re8 14. g5 Bb7 15. Rac1 Bf8 16. Bb1 g6 17. Qf2 Bg7 18. Rfd1 Rad8 19. b4 c5 20. bxc5 Bxc3 21. Rxc3 Nxc5 22. Bxc5 dxc5 23. Rxd8 Rxd8 24. Rd3 Rxd3 25. Bxd3 Qd6 26. Bc2 e5 27. fxe5 Qxe5 28. Qf6 Qc7 29. Kf1 Bc8 30. Bd3 Be6 31. Be2 Qd6 32. Ke1 Qb6 33. a3 Kf8 34. Qe5 Kg8 35. Kf2 Qc6 36. Qb8+ Kg7 37. Qe5+ Kf8 38. Ke3 Qb6 39. Kf2 Kg8 40. Kg2 Qb7 41. Kf2 Qc8 42. Qd6 h5 43. gxh6 Kh7 44. Qe5 Kxh6 45. Qf6 Kh7 46. h4 Qb7 47. Qe5 Qe7 48. Qf4 f6 49. h5 g5 50. Qb8 Bf7 51. Qa8 Qd6 52. Qb7 Kg8 53. Qc8+ Kg7 54. Qb7 Qf4+ 55. Ke1 g4 56. Qd7 g3 57. h6+ Qxh6 58. Qg4+ Qg6 59. Qxg6+ Kxg6 60. Kf1 Kg5 0-1

[Event "PRO League KO Stage"]
[Site "Chess.com INT"]
[Date "2017.03.01"]
[Round "1"]
[White "Cheng, Bindi"]
[Black "Gonzalez, Renier"]
[Result "1-0"]
[WhiteElo "2395"]
[BlackElo "2451"]
[PlyCount "65"]
[EventDate "2017.03.01"]
[EventType "team-k.o. (rapid)"]
[EventRounds "5"]
[EventCountry "USA"]
[SourceTitle "CBM 177 Extra"]
[Source "ChessBase"]
[SourceDate "2017.04.27"]
[SourceVersion "1"]
[SourceVersionDate "2017.04.27"]
[SourceQuality "1"]
[WhiteTeam "Toronto Dragons"]
[BlackTeam "Miami Champions"]
[WhiteTeamCountry "CAN"]
[BlackTeamCountry "USA"]

1. Nf3 d5 2. c4 c6 3. g3 Nf6 4. Bg2 Bf5 5. cxd5 cxd5 6. Qb3 Bc8 7. 0-0 Nc6 8. Nc3 e6 9. d3 Be7 10. Bf4 0-0 11. Rac1 Na5 12. Qc2 Bd7 13. Qb1 Nc6 14. a3 Nh5 15. Bd2 Rc8 16. b4 Nf6 17. Qb3 h6 18. Rc2 Bd6 19. Rfc1 Ne7 20. e4 dxe4 21. dxe4 e5 22. Be3 Be6 23. Qb2 Ng4 24. Bxa7 Nc6 25. Bc5 Bxc5 26. bxc5 Nd4 27. Nxd4 Qxd4 28. Nd5 Qxb2 29. Rxb2 Rb8 30. Rcb1 Nf6 31. Rxb7 Rxb7 32. Rxb7 Ra8 33. Rb3 1-0

[Event "PRO League Stage"]
[Site "Chess.com INT"]
[Date "2017.02.22"]
[Round "7"]
[White "Cheng, Bindi"]
[Black "Mareco, Sandro"]
[Result "0-1"]
[WhiteElo "2397"]
[BlackElo "2645"]
[PlyCount "114"]
[EventDate "2017.01.11"]
[EventType "team-swiss (rapid)"]
[EventRounds "7"]
[EventCountry "USA"]
[SourceTitle "EXT 2018"]
[Source "ChessBase"]
[SourceDate "2017.10.13"]
[SourceVersion "1"]
[SourceVersionDate "2017.10.13"]
[SourceQuality "1"]
[WhiteTeam "Toronto Dragons"]
[BlackTeam "Buenos Aires Krakens"]
[WhiteTeamCountry "CAN"]
[BlackTeamCountry "ARG"]

1. Nf3 Nf6 2. c4 e6 3. g3 d5 4. Bg2 dxc4 5. Qa4+ Nbd7 6. 0-0 a6 7. Qxc4 b5 8. Qc2 Bb7 9. a4 c5 10. Nc3 Qb6 11. d3 Be7 12. Qb3 Nd5 13. axb5 axb5 14. Rxa8+ Bxa8 15. Nd2 Nxc3 16. bxc3 Bxg2 17. Kxg2 0-0 18. Nf3 Ra8 19. Be3 Qa6 20. Rb1 b4 21. cxb4 cxb4 22. Nd4 Nf6 23. Qc4 Qxc4 24. dxc4 Rc8 25. c5 Nd5 26. c6 g6 27. Rc1 Nc3 28. Bd2 Bf6 29. Bxc3 bxc3 30. e3 Bxd4 31. exd4 Rxc6 32. Kf3 Kg7 33. Ke3 Kf6 34. Kd3 Kf5 35. f3 g5 36. Kc2 h5 37. Ra1 f6 38. Ra5+ e5 39. d5 Rc8 40. Ra4 g4 41. f4 Rd8 42. fxe5 fxe5 43. Ra5 Ke4 44. Ra4+ Ke3 45. Ra5 Kd4 46. Ra4+ Kxd5 47. Kxc3 Rf8 48. Kd3 Rf2 49. Ra5+ Ke6 50. Ra6+ Kf5 51. Ra8 Rxh2 52. Rf8+ Kg6 53. Rg8+ Kf6 54. Rf8+ Ke7 55. Rh8 Kf6 56. Rf8+ Kg7 57. Re8 Rh3 0-1

[Event "PRO League Atlantic"]
[Site "Chess.com INT"]
[Date "2017.01.25"]
[Round "3"]
[White "Cheng, Bindi"]
[Black "Wang, Jason"]
[Result "1-0"]
[WhiteElo "2397"]
[BlackElo "2006"]
[PlyCount "111"]
[EventDate "2017.01.11"]
[EventType "team-swiss (rapid)"]
[EventRounds "7"]
[EventCountry "USA"]
[SourceTitle "CBM 176 Extra"]
[Source "ChessBase"]
[SourceDate "2017.03.02"]
[SourceVersion "1"]
[SourceVersionDate "2017.03.02"]
[SourceQuality "1"]
[WhiteTeam "Toronto Dragons"]
[BlackTeam "Columbus Cardinals"]
[WhiteTeamCountry "CAN"]
[BlackTeamCountry "USA"]

1. Nf3 d5 2. c4 dxc4 3. Qa4+ Nd7 4. g3 e6 5. Bg2 a6 6. Qxc4 Ngf6 7. 0-0 Be7 8. Qc2 0-0 9. a4 c5 10. a5 Qc7 11. d3 Nd5 12. Nc3 Nb4 13. Qa4 Nf6 14. Bf4 Bd6 15. Bd2 Bd7 16. Qd1 Bc6 17. Bg5 Nd7 18. e4 Ne5 19. Ne1 h6 20. Be3 Rfd8 21. f4 Nexd3 22. Nxd3 Be7 23. Nd5 exd5 24. Nxb4 dxe4 25. Nxc6 Rxd1 26. Nxe7+ Qxe7 27. Rfxd1 Rd8 28. Kf2 Rd3 29. Bf1 Rb3 30. Rd2 Qe6 31. Rc1 Qg4 32. Bg2 Qe6 33. Rxc5 Rd3 34. Rdc2 g6 35. Bf1 Rd8 36. Rc7 Qb3 37. R7c3 Qd5 38. Rd2 Qxa5 39. Rxd8+ Qxd8 40. Rc4 f5 41. Rd4 Qb6 42. Bc4+ Kf8 43. b3 Qb4 44. Rd5 Qc3 45. Rd7 b5 46. Bd5 Qc2+ 47. Kg1 Qd1+ 48. Kf2 Qc2+ 49. Ke1 Qxh2 50. Ra7 Qxg3+ 51. Kd2 Qg2+ 52. Kc3 Ke8 53. Bc6+ Kf8 54. Bc5+ Kg8 55. Bd5+ Kh8 56. Bd4# 1-0

[Event "PRO League Atlantic"]
[Site "Chess.com INT"]
[Date "2017.01.25"]
[Round "3"]
[White "Shen, Christopher Y"]
[Black "Cheng, Bindi"]
[Result "1-0"]
[WhiteElo "2165"]
[BlackElo "2397"]
[PlyCount "73"]
[EventDate "2017.01.11"]
[EventType "team-swiss (rapid)"]
[EventRounds "7"]
[EventCountry "USA"]
[SourceTitle "CBM 176 Extra"]
[Source "ChessBase"]
[SourceDate "2017.03.02"]
[SourceVersion "1"]
[SourceVersionDate "2017.03.02"]
[SourceQuality "1"]
[WhiteTeam "Columbus Cardinals"]
[BlackTeam "Toronto Dragons"]
[WhiteTeamCountry "USA"]
[BlackTeamCountry "CAN"]

1. e4 c5 2. Nc3 g6 3. g3 Bg7 4. Bg2 Nc6 5. d3 e6 6. f4 Nge7 7. Nf3 0-0 8. Be3 d6 9. 0-0 b6 10. Qd2 Bb7 11. Nd1 Qd7 12. c3 f5 13. Bf2 Rad8 14. Re1 fxe4 15. dxe4 d5 16. exd5 exd5 17. Ng5 Rf6 18. Ne3 d4 19. cxd4 Nxd4 20. Qc3 Bxg2 21. Kxg2 Qb7+ 22. Kg1 Rxf4 23. Qc4+ Nd5 24. gxf4 b5 25. Nxd5 bxc4 26. Ne7+ Kf8 27. Nxh7+ Ke8 28. Nxg6+ Kf7 29. Re7+ Qxe7 30. Nxe7 Kxe7 31. Bh4+ Kd7 32. Bxd8 Kxd8 33. Kf2 Kc7 34. Ng5 Kc6 35. Rc1 Kb5 36. Nf7 Nf5 37. Ne5 1-0

[Event "Victoria Grand Pacific op 10th"]
[Site "Victoria"]
[Date "2016.03.28"]
[Round "6"]
[White "Cheng, Bindi"]
[Black "Fier, Alexandr"]
[Result "0-1"]
[WhiteElo "2482"]
[BlackElo "2620"]
[PlyCount "94"]
[EventDate "2016.03.25"]
[EventType "swiss"]
[EventRounds "6"]
[EventCountry "CAN"]
[SourceTitle "CBM 171 Extra"]
[Source "ChessBase"]
[SourceDate "2016.04.26"]
[SourceVersion "1"]
[SourceVersionDate "2016.04.26"]
[SourceQuality "1"]

1. Nf3 Nf6 2. g3 d5 3. Bg2 g6 4. c4 d4 5. 0-0 Bg7 6. e3 c5 7. exd4 cxd4 8. d3 0-0 9. Re1 a5 10. Nbd2 Nfd7 11. a3 Nc5 12. Ne4 Nba6 13. Nfg5 a4 14. Rb1 Nb3 15. f4 Rb8 16. Nd2 Nbc5 17. Nde4 b5 18. cxb5 Rxb5 19. Nxc5 Nxc5 20. Ne4 Nb3 21. Bd2 Nxd2 22. Nxd2 Bf5 23. Be4 Bd7 24. Qxa4 Rxb2 25. Qd1 Rxb1 26. Qxb1 h5 27. Nc4 h4 28. Qb6 Ba4 29. Qxd8 Rxd8 30. Nb6 Bb5 31. a4 Ba6 32. g4 e6 33. f5 exf5 34. gxf5 gxf5 35. Bxf5 Bh6 36. Re7 Rd6 37. Nd7 Bb7 38. Nc5 Be3+ 39. Kf1 Bf3 40. Be4 Bg4 41. Ke1 Rf6 42. Bd5 Rf5 43. Ne4 Kf8 44. Rd7 Bh3 45. Rd8+ Ke7 46. Rd6 Rf1+ 47. Ke2 Rg1 0-1

[Event "Victoria Grand Pacific op 10th"]
[Site "Victoria"]
[Date "2016.03.26"]
[Round "3"]
[White "Ross, David"]
[Black "Cheng, Bindi"]
[Result "0-1"]
[WhiteElo "2350"]
[BlackElo "2482"]
[PlyCount "119"]
[EventDate "2016.03.25"]
[EventType "swiss"]
[EventRounds "6"]
[EventCountry "CAN"]
[SourceTitle "CBM 171 Extra"]
[Source "ChessBase"]
[SourceDate "2016.04.26"]
[SourceVersion "1"]
[SourceVersionDate "2016.04.26"]
[SourceQuality "1"]

1. Nf3 Nf6 2. d4 c5 3. e3 g6 4. c4 Bg7 5. Nc3 0-0 6. Be2 cxd4 7. Nxd4 Nc6 8. 0-0 d6 9. b3 Bd7 10. Bb2 a6 11. Bf3 Rc8 12. Nxc6 Bxc6 13. Bxc6 bxc6 14. Qe2 Qa5 15. Rfd1 Rb8 16. Rab1 Rfd8 17. h3 Rb7 18. Ba1 Rdb8 19. Rbc1 Nd7 20. Na4 Bxa1 21. Rxa1 Nc5 22. Nxc5 Qxc5 23. Qc2 a5 24. Rab1 Rb4 25. Rdc1 R8b7 26. Qd3 Ra7 27. Qc3 Rab7 28. Qd3 Rb8 29. Qc2 Ra8 30. Qe4 Ra7 31. a3 Rb8 32. b4 axb4 33. axb4 Rxb4 34. Rxb4 Qxb4 35. Qxc6 Qb2 36. Rf1 Kg7 37. Qe4 Rc7 38. Qd3 Qb4 39. Rc1 f6 40. h4 Qc5 41. e4 Ra7 42. g3 Ra2 43. Rc2 Ra1+ 44. Kg2 Qb4 45. Rc3 Qa5 46. g4 Re1 47. Qf3 Qe5 48. Re3 Rc1 49. Qg3 Qd4 50. Qf3 Qxc4 51. Qe2 Qc6 52. Rd3 Ra1 53. Qe3 Qc2 54. g5 Qb1 55. gxf6+ exf6 56. Qf3 Qh1+ 57. Kg3 Rg1+ 58. Kf4 Qxh4+ 59. Ke3 Qg5+ 60. Ke2 0-1

[Event "Victoria Grand Pacific op 9th"]
[Site "Victoria"]
[Date "2015.04.03"]
[Round "1"]
[White "Cheng, Bindi"]
[Black "Lister, Curtis"]
[Result "1-0"]
[WhiteElo "2495"]
[BlackElo "1968"]
[PlyCount "59"]
[EventDate "2015.04.03"]
[EventType "swiss"]
[EventRounds "6"]
[EventCountry "CAN"]
[SourceTitle "CBM 166 Extra"]
[Source "ChessBase"]
[SourceDate "2015.06.18"]
[SourceVersion "1"]
[SourceVersionDate "2015.06.18"]
[SourceQuality "1"]

1. Nf3 d5 2. g3 Nf6 3. Bg2 g6 4. c4 c6 5. b3 Bg7 6. Bb2 0-0 7. 0-0 Bf5 8. d3 Qc8 9. Nbd2 Bh3 10. Rc1 Bxg2 11. Kxg2 Qd8 12. Qc2 Na6 13. a3 Rc8 14. b4 Nc7 15. Rfe1 Re8 16. Nb3 Ne6 17. Rcd1 Nh5 18. Bxg7 Nexg7 19. e4 e6 20. Qc1 f5 21. Qh6 g5 22. Nxg5 Qf6 23. Qxh7+ Kf8 24. Qxh5 Nxh5 25. Nh7+ Kg7 26. Nxf6 Kxf6 27. exf5 Kxf5 28. f4 e5 29. fxe5 Rxe5 30. g4+ 1-0

[Event "Canadian op 51st"]
[Site "Montreal"]
[Date "2014.07.22"]
[Round "5"]
[White "Cheng, Bindi"]
[Black "Gerzhoy, Leonid"]
[Result "1/2-1/2"]
[WhiteElo "2410"]
[BlackElo "2481"]
[PlyCount "86"]
[EventDate "2014.07.19"]
[EventType "swiss"]
[EventRounds "9"]
[EventCountry "CAN"]
[SourceTitle "CBM 161 Extra"]
[Source "ChessBase"]
[SourceDate "2014.08.29"]
[SourceVersion "1"]
[SourceVersionDate "2014.08.29"]
[SourceQuality "1"]

1. d4 Nf6 2. c4 d6 3. Nc3 Nbd7 4. Nf3 g6 5. e4 e5 6. Be2 Bg7 7. 0-0 0-0 8. Re1 exd4 9. Nxd4 Re8 10. f3 c6 11. Kh1 Nh5 12. f4 Qh4 13. Nf3 Ng3+ 14. Kg1 Nxe2+ 15. Rxe2 Qe7 16. Be3 Bxc3 17. bxc3 Nf8 18. h3 Qxe4 19. Qxd6 Qe7 20. Qxe7 Rxe7 21. Rae1 Bf5 22. Ne5 f6 23. Bc5 Re6 24. g4 fxe5 25. gxf5 gxf5 26. Rxe5 Rae8 27. Bxa7 Rxe5 28. fxe5 Ra8 29. Bf2 Ne6 30. Rb1 Rxa2 31. Rxb7 f4 32. h4 f3 33. Be3 Re2 34. Re7 Ng7 35. Bf2 Nf5 36. Re6 c5 37. Rc6 Rxe5 38. Rxc5 Rxc5 39. Bxc5 Nxh4 40. Kf2 Kf7 41. Kg3 Nf5+ 42. Kxf3 Ke6 43. Kf4 Nd6 1/2-1/2

[Event "World op 42nd"]
[Site "Arlington"]
[Date "2014.07.06"]
[Round "8"]
[White "Cheng, Bindi"]
[Black "Denton, Bradley"]
[Result "1/2-1/2"]
[WhiteElo "2410"]
[BlackElo "2319"]
[PlyCount "80"]
[EventDate "2014.07.02"]
[EventType "swiss"]
[EventRounds "9"]
[EventCountry "USA"]
[SourceTitle "CBM 161 Extra"]
[Source "ChessBase"]
[SourceDate "2014.08.29"]
[SourceVersion "1"]
[SourceVersionDate "2014.08.29"]
[SourceQuality "1"]

1. d4 d5 2. c4 c6 3. Nf3 Nf6 4. Nc3 dxc4 5. a4 Bf5 6. e3 e6 7. Bxc4 Bb4 8. 0-0 0-0 9. Nh4 Bg4 10. f3 Bh5 11. g4 Nd5 12. Ng2 Bg6 13. Bd2 Nb6 14. Bb3 a5 15. Ne2 Na6 16. e4 Qe7 17. Bxb4 Nxb4 18. Qd2 c5 19. Qe3 Nd7 20. Rac1 Rac8 21. d5 exd5 22. Bxd5 Nxd5 23. exd5 Qxe3+ 24. Nxe3 Rfe8 25. Kf2 Bd3 26. Rfe1 c4 27. Nf4 Nc5 28. Ra1 Kf8 29. h4 Red8 30. Ra3 Rd6 31. Rc1 Rb6 32. Kg3 Rxb2 33. Nxc4 Bxc4 34. Rxc4 Rb4 35. Rcc3 b6 36. Nd3 Rd4 37. Nxc5 Rxc5 38. Rxc5 bxc5 39. Rb3 Rxa4 40. Rb5 Rd4 1/2-1/2

[Event "World op 42nd"]
[Site "Arlington"]
[Date "2014.07.06"]
[Round "9"]
[White "Cheng, Bindi"]
[Black "Sheng, Joshua"]
[Result "1-0"]
[WhiteElo "2410"]
[BlackElo "2056"]
[PlyCount "63"]
[EventDate "2014.07.02"]
[EventType "swiss"]
[EventRounds "9"]
[EventCountry "USA"]
[SourceTitle "CBM 161 Extra"]
[Source "ChessBase"]
[SourceDate "2014.08.29"]
[SourceVersion "1"]
[SourceVersionDate "2014.08.29"]
[SourceQuality "1"]

1. d4 Nf6 2. Nf3 g6 3. g3 Bg7 4. Bg2 0-0 5. 0-0 d6 6. a4 a5 7. b3 Nbd7 8. Bb2 c6 9. Nbd2 Qc7 10. Nc4 d5 11. Ncd2 Rd8 12. c4 dxc4 13. Nxc4 Ne4 14. Qc2 Nd6 15. Ncd2 Nb6 16. e4 f5 17. e5 Ne8 18. h4 Be6 19. h5 Bd5 20. hxg6 hxg6 21. Nh4 Kh7 22. Bxd5 cxd5 23. Qd3 e6 24. Kg2 Bh6 25. Rh1 Qg7 26. Rh2 Kg8 27. Rah1 Bg5 28. Nhf3 Be7 29. Qe3 Nd7 30. Ng5 Nf8 31. Ndf3 Nc7 32. Qf4 1-0

[Event "Arlington DC op 2nd"]
[Site "Arlington"]
[Date "2014.06.28"]
[Round "6"]
[White "Cheng, Bindi"]
[Black "Ghatti, Sanjay"]
[Result "1-0"]
[WhiteElo "2410"]
[BlackElo "2038"]
[PlyCount "91"]
[EventDate "2014.06.26"]
[EventType "swiss"]
[EventRounds "9"]
[EventCountry "USA"]
[SourceTitle "CBM 161 Extra"]
[Source "ChessBase"]
[SourceDate "2014.08.29"]
[SourceVersion "1"]
[SourceVersionDate "2014.08.29"]
[SourceQuality "1"]

1. Nf3 d5 2. g3 Nf6 3. Bg2 e6 4. 0-0 Be7 5. d4 0-0 6. c4 dxc4 7. Qc2 a6 8. Qxc4 b5 9. Qc2 Bb7 10. Bd2 Ra7 11. a3 Be4 12. Qc1 Qc8 13. Be3 Nd5 14. Nc3 Nxc3 15. Qxc3 Bd5 16. Ne5 Bxg2 17. Kxg2 Rb7 18. Rfc1 Nd7 19. Nc6 Bd6 20. Bf4 Nb6 21. Qf3 Qa8 22. Na5 Rbb8 23. Qxa8 Rxa8 24. Bxd6 cxd6 25. Rc6 Nc8 26. Rac1 d5 27. b3 g6 28. R1c5 Ne7 29. Rc7 Nf5 30. e3 Nd6 31. Nc6 Kg7 32. Ne5 Ne4 33. Rc2 Nd6 34. R2c6 Rfd8 35. Rb6 a5 36. Rcc6 Nc8 37. Ra6 Ne7 38. Rcb6 a4 39. Rxa8 Rxa8 40. b4 Rc8 41. Rb7 Nf5 42. Nxf7 Kg8 43. g4 Rc3 44. gxf5 Rxa3 45. Nh6+ Kf8 46. f6 1-0

[Event "Toronto Crown op"]
[Site "Toronto"]
[Date "2014.04.18"]
[Round "1"]
[White "Plotkin, Mark"]
[Black "Cheng, Bindi"]
[Result "1-0"]
[WhiteElo "2013"]
[BlackElo "2425"]
[PlyCount "85"]
[EventDate "2014.04.18"]
[EventType "swiss"]
[EventRounds "6"]
[EventCountry "CAN"]
[SourceTitle "CBM 159 Extra"]
[Source "ChessBase"]
[SourceDate "2014.04.24"]
[SourceVersion "1"]
[SourceVersionDate "2014.04.24"]
[SourceQuality "1"]

1. e4 c5 2. Nf3 d6 3. d4 Nf6 4. Nc3 cxd4 5. Nxd4 a6 6. Be2 e6 7. 0-0 Be7 8. Be3 0-0 9. f4 Nc6 10. Kh1 Qc7 11. Qe1 Nxd4 12. Bxd4 b5 13. Bd3 Bb7 14. Qg3 Nh5 15. Qh3 Nxf4 16. Rxf4 e5 17. Nd5 Bxd5 18. exd5 g6 19. Raf1 exf4 20. Qh6 f6 21. Bxg6 Bd8 22. Bf5 Qg7 23. Be6+ Kh8 24. Qxf4 Rb8 25. Rf3 Bb6 26. Rg3 Qe7 27. Rg8+ Rxg8 28. Bxf6+ Qxf6 29. Qxf6+ Rg7 30. h4 Re8 31. h5 Bd8 32. Qf4 Bg5 33. Qxd6 h6 34. Qxa6 Bf4 35. Qxb5 Rb8 36. Qf1 Bd6 37. Qf6 Rf8 38. Bf7 Be7 39. Qxe7 Rgxf7 40. Qe5+ Kh7 41. d6 Rf5 42. Qe4 Kg7 43. d7 1-0

[Event "Aurora Fall op"]
[Site "Aurora"]
[Date "2013.10.20"]
[Round "5"]
[White "Cheng, Bindi"]
[Black "Plotkin, Victor"]
[Result "0-1"]
[WhiteElo "2442"]
[BlackElo "2234"]
[PlyCount "138"]
[EventDate "2013.10.19"]
[EventType "swiss"]
[EventRounds "5"]
[EventCountry "CAN"]
[SourceTitle "EXT 2014"]
[Source "ChessBase"]
[SourceDate "2013.11.20"]
[SourceVersion "1"]
[SourceVersionDate "2013.11.20"]
[SourceQuality "1"]

1. Nf3 Nf6 2. c4 e6 3. g3 d5 4. Bg2 Be7 5. 0-0 0-0 6. b3 d4 7. e3 c5 8. exd4 cxd4 9. Re1 Nc6 10. Bb2 Bc5 11. d3 Qc7 12. a3 a5 13. Nbd2 e5 14. Nh4 Bg4 15. Bf3 Bd7 16. g4 Kh8 17. Kh1 Ng8 18. Ne4 Be7 19. Nf5 Bxf5 20. gxf5 Qd7 21. Ng3 Bg5 22. Bc1 Bxc1 23. Qxc1 f6 24. Be4 Nh6 25. Qd1 Ne7 26. Qh5 Nc8 27. Bd5 Nd6 28. Be6 Qc6+ 29. Kg1 Qc5 30. Reb1 Qb6 31. h4 Ne8 32. Bd5 Nc7 33. Be4 Na6 34. b4 axb4 35. axb4 Nxb4 36. Rxa8 Rxa8 37. Qd1 Qd6 38. Bxb7 Ra3 39. Be4 Na2 40. c5 Qd8 41. Ra1 Nc3 42. Rxa3 Nxd1 43. Ra8 Qxa8 44. Bxa8 Nc3 45. Bb7 Kg8 46. c6 Nd5 47. Bc8 Kf8 48. Be6 Nc7 49. Nh5 Ng8 50. f4 Ne7 51. Bd7 Ned5 52. fxe5 fxe5 53. Kf2 g6 54. fxg6 hxg6 55. Ng3 Nf4 56. Kf3 Nxd3 57. Ke4 Nc5+ 58. Kxe5 Nxd7+ 59. Kd6 Nf6 60. Kxc7 d3 61. Nf1 Ke7 62. Nd2 Ke6 63. Nc4 Nd5+ 64. Kb7 Kf6 65. Ka7 Kg7 66. Kb7 Kh6 67. Ne3 Nxe3 68. c7 Nf5 69. Kc6 d2 0-1

[Event "Continental Class-ch 4th"]
[Site "Arlington"]
[Date "2013.10.14"]
[Round "9"]
[White "Shabalov, Alexander"]
[Black "Cheng, Bindi"]
[Result "1/2-1/2"]
[WhiteElo "2520"]
[BlackElo "2442"]
[PlyCount "30"]
[EventDate "2013.10.09"]
[EventType "swiss"]
[EventRounds "9"]
[EventCountry "USA"]
[SourceTitle "CBM 156 Extra"]
[Source "ChessBase"]
[SourceDate "2013.10.22"]
[SourceVersion "1"]
[SourceVersionDate "2013.10.22"]
[SourceQuality "1"]

1. d4 Nf6 2. c4 g6 3. Nc3 d5 4. cxd5 Nxd5 5. e4 Nxc3 6. bxc3 Bg7 7. Bc4 c5 8. Ne2 0-0 9. 0-0 Nc6 10. Be3 Qc7 11. Rc1 Bd7 12. h4 Rad8 13. h5 Bg4 14. hxg6 hxg6 15. f3 Bc8 1/2-1/2

[Event "Continental Class-ch 4th"]
[Site "Arlington"]
[Date "2013.10.13"]
[Round "7"]
[White "Cheng, Bindi"]
[Black "Homa, Seth"]
[Result "1-0"]
[WhiteElo "2442"]
[BlackElo "2351"]
[PlyCount "65"]
[EventDate "2013.10.09"]
[EventType "swiss"]
[EventRounds "9"]
[EventCountry "USA"]
[SourceTitle "CBM 156 Extra"]
[Source "ChessBase"]
[SourceDate "2013.10.22"]
[SourceVersion "1"]
[SourceVersionDate "2013.10.22"]
[SourceQuality "1"]

1. Nf3 c5 2. c4 Nc6 3. Nc3 g6 4. e3 Nf6 5. d4 cxd4 6. exd4 d5 7. cxd5 Nxd5 8. Qb3 e6 9. Bg5 f6 10. Bd2 Nce7 11. Bb5+ Kf7 12. 0-0 Bg7 13. Rfe1 Rf8 14. Re2 Kg8 15. a4 g5 16. h3 h5 17. Bc4 g4 18. hxg4 hxg4 19. Nh4 Nc6 20. Be3 Na5 21. Qa2 Nxc4 22. Qxc4 Qd6 23. Nf5 Qb4 24. Qa2 Nxe3 25. Rxe3 Rf7 26. Rae1 Bd7 27. Rxe6 Bxe6 28. Qxe6 Rd8 29. Re4 Kf8 30. Nd5 Qxa4 31. Nf4 Bh8 32. Ng6+ Kg8 33. Nxh8 1-0

[Event "Continental Class-ch 4th"]
[Site "Arlington"]
[Date "2013.10.11"]
[Round "4"]
[White "Markzon, Gregory"]
[Black "Cheng, Bindi"]
[Result "1-0"]
[WhiteElo "2197"]
[BlackElo "2442"]
[PlyCount "91"]
[EventDate "2013.10.09"]
[EventType "swiss"]
[EventRounds "9"]
[EventCountry "USA"]
[SourceTitle "CBM 156 Extra"]
[Source "ChessBase"]
[SourceDate "2013.10.22"]
[SourceVersion "1"]
[SourceVersionDate "2013.10.22"]
[SourceQuality "1"]

1. d4 Nf6 2. c4 c5 3. d5 e6 4. Nc3 exd5 5. cxd5 d6 6. e4 g6 7. Bd3 Bg7 8. Nge2 0-0 9. 0-0 Nbd7 10. h3 a6 11. a4 Ne5 12. Bc2 Re8 13. f4 Nc4 14. Ng3 Bd7 15. Qf3 b5 16. b3 b4 17. bxc4 bxc3 18. e5 dxe5 19. fxe5 Rxe5 20. Bf4 Qe8 21. Bxe5 Qxe5 22. Rae1 Qd4+ 23. Kh1 Rf8 24. Ne4 Nxe4 25. Rxe4 Qd2 26. Re2 Qg5 27. Qe3 Qxe3 28. Rxe3 Rd8 29. Rb1 Kf8 30. a5 h5 31. Rb6 Ra8 32. Re2 Bd4 33. Re1 h4 34. Kh2 Re8 35. Rxe8+ Kxe8 36. Rxa6 Kd8 37. Rb6 Be5+ 38. Kg1 Bc7 39. Ra6 Bf5 40. Ra8+ Ke7 41. Bd1 c2 42. Bxc2 Bxc2 43. a6 Kd6 44. a7 Bb6 45. Rd8+ Bxd8 46. a8Q 1-0

[Event "Continental Class-ch 4th"]
[Site "Arlington"]
[Date "2013.10.10"]
[Round "2"]
[White "Rakhmanov, Alexander"]
[Black "Cheng, Bindi"]
[Result "1-0"]
[WhiteElo "2603"]
[BlackElo "2442"]
[PlyCount "77"]
[EventDate "2013.10.09"]
[EventType "swiss"]
[EventRounds "9"]
[EventCountry "USA"]
[SourceTitle "CBM 156 Extra"]
[Source "ChessBase"]
[SourceDate "2013.10.22"]
[SourceVersion "1"]
[SourceVersionDate "2013.10.22"]
[SourceQuality "1"]

1. e4 c5 2. Nf3 d6 3. c3 Nf6 4. Bd3 g6 5. h3 Bg7 6. 0-0 0-0 7. Bc2 Nc6 8. d4 cxd4 9. cxd4 d5 10. e5 Ne4 11. Nc3 Bf5 12. Re1 Nxc3 13. bxc3 Bxc2 14. Qxc2 Rc8 15. h4 Qb6 16. Be3 Nd8 17. Rab1 Qc6 18. Bd2 b6 19. h5 Ne6 20. Rb4 Rc7 21. Qd3 Rfc8 22. g3 Qd7 23. hxg6 hxg6 24. Kg2 Nf8 25. Nh4 Rc4 26. Rbb1 Ra4 27. Rb2 Ra3 28. Rh1 Rc4 29. Qb1 Rca4 30. Qc1 Qc8 31. Nf3 Ne6 32. Rh2 Rxa2 33. Rxa2 Rxa2 34. Bh6 Bh8 35. Qh1 g5 36. Bxg5 Bg7 37. Qb1 Nxg5 38. Nxg5 Re2 39. Rh8+ 1-0

[Event "Canadian op 50th"]
[Site "Ottawa"]
[Date "2013.07.19"]
[Round "8"]
[White "Cheng, Bindi"]
[Black "Cao, Jason"]
[Result "1-0"]
[WhiteElo "2406"]
[BlackElo "2060"]
[PlyCount "73"]
[EventDate "2013.07.13"]
[EventType "swiss"]
[EventRounds "9"]
[EventCountry "CAN"]
[SourceTitle "CBM 155 Extra"]
[Source "ChessBase"]
[SourceDate "2013.08.26"]
[SourceVersion "1"]
[SourceVersionDate "2013.08.26"]
[SourceQuality "1"]

1. e4 c5 2. Nf3 d6 3. d4 cxd4 4. Nxd4 Nf6 5. Nc3 a6 6. h3 e6 7. g4 Be7 8. Bg2 Qc7 9. 0-0 0-0 10. a4 Nc6 11. Be3 h6 12. Kh1 Nxd4 13. Qxd4 e5 14. Qd2 Be6 15. a5 Rac8 16. Rfc1 Rfe8 17. Nd5 Bxd5 18. exd5 Nd7 19. c4 Qd8 20. Be4 Nc5 21. Bc2 e4 22. b4 Nd3 23. Bxd3 exd3 24. Ra3 Bf6 25. Rxd3 Qe7 26. Kg2 Be5 27. Bf4 Bxf4 28. Qxf4 Qe2 29. Rd2 Qe7 30. c5 dxc5 31. bxc5 g5 32. Qd4 Qc7 33. Rb2 Rcd8 34. Rb6 Kh7 35. Rd1 Rg8 36. d6 Qd7 37. Qe4+ 1-0